Loading...
AZERBAIJANI - CAUCASIAN RUGS
| Main Author: | |
|---|---|
| Format: | Printed Book |
| Published: |
SWITZERLAND
ULMKE COLLECTION
2001
|
| Subjects: |
| LEADER | 00661nam a2200229 4500 | ||
|---|---|---|---|
| 020 | |c 0.0 | ||
| 082 | |a 746.794754 AZA | ||
| 100 | |a AZADI, SIAWOSCH U | ||
| 245 | |a AZERBAIJANI - CAUCASIAN RUGS |h ENGLISH | ||
| 250 | |||
| 260 | |a SWITZERLAND |b ULMKE COLLECTION |c 2001 | ||
| 300 | |||
| 500 | |a | ||
| 501 | |a SOCIAL SCIENCE | ||
| 538 | |||
| 590 | |||
| 630 | |||
| 650 | |a AZERBAIJANI - CAUCASIAN RUGS | ||
| 700 | |||
| 942 | |c REF | ||
| 999 | |c 180560 |d 180560 | ||
| 952 | |0 0 |1 0 |2 ddc |4 0 |6 746_794754000000000_AZA |7 0 |9 193923 |a AGY |b AGY |g 0.00 |l 1 |m 1 |o 746.794754 AZA |p AGY4770 |q 2020-01-09 |r 2019-12-12 |s 2019-12-12 |w 2019-10-25 |y BK | ||